000 00225nam a22000857a 4500
008 170620b xxu||||| |||| 00| 0 eng d
100 _93564
_aPremi. K. M
245 _aPopulation of India in 2001
260 _aNew delhi
_bN. B. T
_c2009
999 _c6949
_d6949